000 00395nam a2200145Ia 4500
008 230917s9999||||xx |||||||||||||| ||und||
040 _e177159
_aMAIN
041 _aEnglish
082 _a891.432741 SK64G
100 _aकुंवरबहादुर सिंह
245 0 _aगुलेल
260 _aदिल्ली
_bनिधि
_c1981
300 _a97 पृ. p.
942 _cHN
999 _c224414
_d224414